| 000 | 00353nam a2200145Ia 4500 | ||
|---|---|---|---|
| 008 | 221030s9999 xx 000 0 und d | ||
| 041 | _aEnglish | ||
| 082 | _a105.23 | ||
| 100 | _aA. Chakrabati | ||
| 245 | 2 |
_aA Text Book On Power System Engineering _cby A. Chakrabati, M. L. Soni |
|
| 260 | _c0 | ||
| 650 | _aB | ||
| 700 | _aM. L. Soni | ||
| 942 | _cBK | ||
| 999 |
_c13663 _d13663 |
||